2005 Index of economic freedom <the> link between economic opportunity and prosperity

Saved in:
Bibliographic Details
Other Authors: Miles, Marc A., Feulner, Edwin J., O'Grady, Mary Anastasia
Format: Book
Language:English
Spanish
Published: Washington <The> Heritage Foundation 2005
Subjects:
Tags: Add Tag
No Tags, Be the first to tag this record!

MARC

LEADER 00000nlm$a2200000$$$4500
001 0116494
005 20251007123558.1
020 |a 0-89195-268-3 
022 |a 1095-7308 
041 0 |a eng 
041 0 |a spa 
044 |a US 
245 1 0 |a 2005 Index of economic freedom  |b <the> link between economic opportunity and prosperity  |c Marc A. Miles, Edwin J. Feulner, Mary Anastasia O'Grady 
264 1 |a Washington  |b <The> Heritage Foundation  |c 2005 
300 |a CD-ROM [xiv, 414 s.] 
610 2 0 |a situácia hospodárska 
610 2 0 |a obchod zahraničný 
610 2 0 |a obchod vnútorný 
610 2 0 |a obchod medzinárodný 
610 2 0 |a politika menová 
610 2 0 |a investície zahraničné 
610 2 0 |a bankovníctvo 
610 2 0 |a financie 
610 2 0 |a mzdy 
610 2 0 |a ceny 
610 2 0 |a systémy právne 
610 2 0 |a regulácia hospodárska 
610 2 0 |a trh 
610 2 0 |a svet 
610 2 0 |a Česko 
610 2 0 |a Slovensko 
610 2 0 |a údaje štatistické medzinárodné 
700 1 |a Miles, Marc A. 
700 1 |a Feulner, Edwin J. 
700 1 |a O'Grady, Mary Anastasia